A short history of opera /

Bibliographic Details
Main Author: Grout, Donald Jay
Other Authors: Williams, Hermine Weigel
Format: Book
Language:English
Published: New York : Columbia University Press, 1988.
Edition:3rd ed. /
Subjects:

MARC

Tag First Indicator Second Indicator Subfields
LEADER 00000cam a22000008a 4500
001 in00000016728
005 20151007052840.0
008 870324s1988 nyua b 00110 eng
010 |a  87009374  
020 |a 0231061927 
035 |a (OCoLC)15520734 
035 |9 AAA9424AM 
040 |a DLC  |c DLC  |d m/c  |d TXA  |d UtOrBLW 
049 |a TXAM  |c [A11069585] 
050 0 0 |a ML1700  |b .G83 1987 
082 0 |a 782.1/09  |2 19 
090 |a ML1700  |b .G83 1988 
100 1 |a Grout, Donald Jay. 
245 1 2 |a A short history of opera /  |c Donald Jay Grout. 
250 |a 3rd ed. /  |b with Hermine Weigel Williams. 
263 |a 8710 
264 1 |a New York :  |b Columbia University Press,  |c 1988. 
300 |a xix, 913 pages :  |b illustrations 
336 |a text  |b txt  |2 rdacontent 
337 |a unmediated  |b n  |2 rdamedia 
338 |a volume  |b nc  |2 rdacarrier 
504 |a Bibliography: pages [731]-825. 
500 |a Includes index. 
650 0 |a Opera. 
700 1 |a Williams, Hermine Weigel. 
999 |a MARS 
999 f f |s 20ab287b-1229-334a-b1a2-b2861e7eb1ce  |i b7bc1563-4666-3afc-a4df-621afd412f00  |t 0 
952 f f |p normal  |a Texas A&M University  |b College Station  |c Sterling C. Evans Library  |d Evans: Library Stacks  |t 0  |e ML1700 .G83 1988  |h Library of Congress classification  |i unmediated -- volume  |m A14811069585 
998 f f |a ML1700 .G83 1988  |t 0  |l Evans: Library Stacks